La educación en el mundo de la industria / (Record no. 2262)

000 -CABECERA
fixed length control field 01159nam a22002657a 4500
003 - IDENTIFICADOR DEL NÚMERO DE CONTROL
control field AR-CdUCM
008 - DATOS DE LONGITUD FIJA--INFORMACIÓN GENERAL
fixed length control field 190304b ||||| |||| 00| 0 spa d
040 ## - FUENTE DE LA CATALOGACIÓN
Agencia/entidad que catalogó originalmente la obra MUNICIPALIDAD PROVINCIAL DEL CUSCO
Entidad que transcribió la catalogación BIBLIOTECA MUNICIPAL DEL CUSCO
082 ## - NÚMERO DE LA CLASIFICACIÓN DECIMAL DEWEY
No. de Clasificación 377.2 /
Notacion interna E25
100 ## - ENTRADA PRINCIPAL--NOMBRE DE PERSONA
Nombre Personal Armytage, W.H.G.
245 ## - MENCIÓN DE TÍTULO
Título La educación en el mundo de la industria /
260 ## - PUBLICACIÓN, DISTRIBUCIÓN, ETC.
Lugar de publicación, distribución, etc. Buenos aires :
Nombre de la editorial, distribuidor, etc. Angel Estrada y Cia Editores,
Fecha de publicación, distribución, etc. 1971.
300 ## - DESCRIPCIÓN FÍSICA
Nº de Páginas Extensión 353 paginas ;
Dimensiones 19 cm.
505 ## - NOTA DE CONTENIDO CON FORMATO
Nota de contenido formateada Contenido :La educación en la industria -- Educación e instrucción de trabajo -- Reflexiones sobre la educación, la tecnología industrial y el progreso económico -- Aspectos sociológicos de la instrucción vocacional -- La industria, la educación y la instrucción vocacional en Francia ...
650 ## - PUNTO DE ACCESO ADICIONAL DE MATERIA--TÉRMINO DE MATERIA
Descriptor Industria y educación
9 (RLIN) 8161
650 ## - PUNTO DE ACCESO ADICIONAL DE MATERIA--TÉRMINO DE MATERIA
Descriptor Educacional industrial
9 (RLIN) 8162
650 ## - PUNTO DE ACCESO ADICIONAL DE MATERIA--TÉRMINO DE MATERIA
Descriptor Educación de Brasil
9 (RLIN) 8163
700 ## - PUNTO DE ACCESO ADICIONAL--NOMBRE DE PERSONA
Nombre Personal Leal, Anibal C. (traductor)
9 (RLIN) 8164
700 ## - PUNTO DE ACCESO ADICIONAL--NOMBRE DE PERSONA
Nombre Personal Wolfgang, Armbruster y D. Winterhager
9 (RLIN) 8165
700 ## - PUNTO DE ACCESO ADICIONAL--NOMBRE DE PERSONA
Nombre Personal Blough, Roger M.
9 (RLIN) 8166
700 ## - PUNTO DE ACCESO ADICIONAL--NOMBRE DE PERSONA
Nombre Personal Legoux, Yves
9 (RLIN) 8167
700 ## - PUNTO DE ACCESO ADICIONAL--NOMBRE DE PERSONA
Nombre Personal Page, Andre
9 (RLIN) 8168
942 ## - ELEMENTOS DE PUNTO DE ACCESO ADICIONAL (KOHA)
Fuente de clasificación
Tipo de item Libros-BMC
945 ## - PROCESAMIENTO DE INFORMACIÓN LOCAL (OCLC)
Catalogador rum
Holdings
Estado de retiro (separado) Fuente de clasificación o esquema de estanterías Estado dañado Ubicación Sala donde se ubica Nombre de la colección Fecha de adquisición o compra Costo, precio normal en soles Signatura topográfica Código de Barras Última vez visto (Koha) Tipo de ítem (Koha)
No     Sala Humanidades Sala Humanidades Book Cart 2019-03-04 14.00 377.2 / E25 SH0000002741 2019-03-04 Libros-BMC

Powered by Koha